000 01196nam a22001817a 4500
999 _c61926
_d61926
003 Ge_BSU
005 20240611114902.0
008 240611s1997 ge ||||| |||| 00| 0 geo d
041 _ageo
080 _a616.8 მ-48
245 _aმედიცინის აქტუალური საკითხები :
_bშრომები მიძღვნილი საქართველოში მეცნ. ნევროლოგიის ფუძემდებლის, პროფ. სიმონ ყიფშიძის დაბადებიდან 110 წლისთავისადმი. ნაწ. 2 /
_cთბილ. სახ. სამედ. უნ-ტი, ნერვულ სნეულებათა კათედრა ; [სარედ. კოლ.: რ. სიგუა (რედ.) და სხვ.].
264 _aთბილისი :
_bგანათლება,
_c1997.
300 _a271 გვ. :
_bპორტ.;
_c20 სმ.
653 _aნევროლოგია
653 _aმიკროქირურგია
700 _aსიგუა, რ.
_eრედაქტორი.
_922388
942 _2udc
_cᲬᲘᲒᲜᲘ